000 00649nam a2200181 a 4500
001 000034664
005 20210326154637.0
008 110407s1994 dr a r 000 0 spa d
040 _aDO-SdBNP
_bspa
_cBNPHU
082 _axxxx
_bP191r
100 1 _aPané, Ramón
_955212
245 1 0 _aRelación acerca de las antiguedades de los Indios /
_cRamón Pané ; prólogo y notas de Hugo E. Polanco Brito.
260 _aSanto Domingo :
_bCorripio,
_c1994.
300 _a125 p. :
_bil. ;
_c21 cm.
490 1 _aBiblioteca de clásicos dominicanos
_v2
700 2 _aPolanco Brito, Hugo E.
_epról.
_97924
830 0 _aBiblioteca de clásicos dominicanos
_n2
_960098
999 _c34155
_d34155